00822nam a2200289 i 4500001000400000100003300004245004500037260005900082300002900141490001800170650002000188650004400208650001400252650001100266650001200277650001200289650004400301650002400345655001200369830001800381040000800399041000800407942000700415008004100422999001700463952005200480bgj1 aSWIFT, Jonathand(1667-1745)10aGulliver's Travels /cby Jonathan Swift. aGarden City, NY :bDoubleday and Company, Inc.,c19??. a279 pp :bmaps ;c18 cm.1 aDolphin Books 9aFantasy fiction 9aImaginary societesyEarly works to 1800 9aTravelers 9aSatire 9aUtopian 9aUtopias 9aImaginary |VoyagesyEarly works to 1800 9aVoyages and travels aFiction aDolphin Books cBPK0 aeng cKS s uk f |000 0 eng  c48779d48779 00104070aBPKbBPKckwoKA 6103p09050723yKS